01498nam 22002893 4500001000700000010003400007021002200041090001100063100004100074200006200115205000800177210003900185215003100224327029000255606005300545675001900598700004300617801001800660830001000678990001100688995008400699995008500783995008600868995008500954995008401039995008501123201983 a84-252-1071-2 (obra completa) aESbB. 31786-1981 a201983 a20260428d u||y0pory50 ba aHistoria de la literatura españolafAngel Valbuena Prat a9ª aBarcelonacGustavo Gilid1981-1983 a6 vols. cbrochadod20 cm  atomo I : Edad Media. - [XV] , 599 p. tomo II : Renascimento. - [VIII], 531 p. tomo III : Siglo XVII. - [XII], 831 p. tomo IV : Siglo XVIII romanticismo. - [VII], 422 p. tomo V : Del realismo al vanguardismo. - [ VIII], 495, [9] p. tomoVI : Epoca contemporánea. - [VIII], 975, [7] p. 93661aCrítica Literária.Estudos Literários a82.09vESzspa 917207aPratbAngel Valbuenaf1900-1977 aPTbBMMNgRPC cVanda cLIVROS 002052026-04-28931661bBMMNf31383k82.09 VAL|DEP (tomo I)o0rLIVROSsCompra 002052026-04-28931662bBMMNf31384k82.09 VAL|DEP (tomo II)o0rLIVROSsCompra 002052026-04-28931663bBMMNf31385k82.09 VAL|DEP (tomo III)o0rLIVROSsCompra 002052026-04-28931664bBMMNf31386k82.09 VAL|DEP (tomo IV)o0rLIVROSsCompra 002052026-04-28931665bBMMNf31387k82.09 VAL|DEP (tomo V)o0rLIVROSsCompra 002052026-04-28931666bBMMNf31388k82.09 VAL|DEP (tomo VI)o0rLIVROSsCompra